000 00543ntaaa2200205 4500
003 01
005 20251027201710.0
008 0714s1973 ag 01
040 _aAR-BaBN
_bspa
_cAR-BaBN
_eaacr
_dRIC
082 _a233.2000 C42
100 _aCherbonnier, E. la B.
_915599
245 _aHardness of heart
250 _a1 ed.
260 _aLondon :
_bVictor Gallancz Ltd,
_c1956
300 _a188 p
500 _aA contemporary interpretation of the doctrine of sin
650 _ateología-pecado
650 _apecado-teología
942 _cBK
999 _c11690
_d11690